E-learningový systém pre podporu náuky sieťovej bezpečnosti

Enregistré dans:
Détails bibliographiques
Auteur principal: Petráš, Michal, 1990- (Auteur)
Autres auteurs: Breier, Jakub, 1986- (Directeur de thèse)
Format: Manuscrit Livre
Langue:slovaque
Publié: Bratislava : STU v Bratislave FIIT, 2012
Sujets:
Accès en ligne:VAIS
Tags: Ajouter un tag
Pas de tags, Soyez le premier à ajouter un tag!

MARC

LEADER 00000ntm a22000003a 4500
001 stu275724
005 20180724112353.6
008 131005s2012----xo------------------slo-d
040 |a STU  |b slo 
041 0 |a slo 
044 |a xo 
100 1 |a Petráš, Michal,  |d 1990-  |4 aut  |u I  |T FIIT Fakulta informatiky a informačných technológií  |X 64425  |U I  |Y 70  |7 A000064425 
242 0 0 |a E-learning system for teaching network security  |y eng 
245 1 |a E-learningový systém pre podporu náuky sieťovej bezpečnosti 
260 |a Bratislava :  |b STU v Bratislave FIIT,  |c 2012 
300 |a 29 s.,  |e príl., CD-ROM 
650 7 |a Informatics  |2 estusub 
650 7 |a e-learning  |2 estusub 
650 7 |a interaktivita  |2 stusub 
650 7 |a sieťová bezpečnosť  |2 stusub 
650 7 |a informatika  |2 stusub 
700 1 |a Breier, Jakub,  |d 1986-  |4 ths  |u I300  |U FIIT Fakulta informatiky a informačných technológií  |T FIIT Ústav aplikovanej informatiky  |X 17522  |U I300  |Y 180  |7 A000017522 
856 4 |a info a plný text  |u http://is.stuba.sk/zp/portal_zp.pl?podrobnosti=65258  |3 VAIS 
996 |c I*BAP144/12  |l II680  |s P  |a 0  |w stu275724_0001